|
|
|
|
| LEADER |
00811nam a2200241 a 4500 |
| 001 |
c000264014 |
| 003 |
CARM |
| 005 |
20070704115412.0 |
| 008 |
070704s1984 xna 000 1 eng d |
| 019 |
1 |
|
|a 50071941
|5 LACONCORD2021
|
| 020 |
|
|
|a 0373160437 (pbk.)
|
| 035 |
|
|
|a (OCoLC)812540843
|5 LACONCORD2021
|
| 040 |
|
|
|a VCAV
|b eng
|c VCAV
|
| 042 |
|
|
|a anuc
|
| 100 |
1 |
|
|a Kitt, Sandra.
|
| 245 |
1 |
0 |
|a Rites of spring /
|c Sandra Kitt.
|
| 250 |
|
|
|a 1st Australian ed.
|
| 260 |
|
|
|a Sydney :
|b Harlequin,
|c 1984.
|
| 300 |
|
|
|a 256 p.
|
| 440 |
|
0 |
|a Harlequin intimate encounter ;
|v 42
|
| 852 |
8 |
|
|b CARM
|h A1:AN10A0
|i A04417
|p 0381119
|f BK
|
| 999 |
f |
f |
|i b69bd542-1ba1-56e9-a4a9-13066f16835c
|s fc2e23b0-ec8d-55f8-97ac-220ddd0519de
|
| 952 |
f |
f |
|p Can circulate
|a CAVAL
|b CAVAL
|c CAVAL
|d CARM 1 Store
|e A04417
|f A1:AN10A0
|h Other scheme
|i book
|m 0381119
|